Zvesti Ministerstva školstva, mládeže a telesnej výchovy SSRa Ministerstva kultúry SSR

Salvato in:
Dettagli Bibliografici
Natura: Periodico
Lingua:slovacco
Pubblicazione: Bratislava Slovenské pedagogické nakladateľstvo 1990
Soggetti:
Tags: Aggiungi Tag
Nessun Tag, puoi essere il primo ad aggiungerne!!

MARC

LEADER 00000nas2a2200000 4500
001 s015074
005 20041019155329.5
041 0 |a slo 
044 |a SK 
245 1 0 |a Zvesti Ministerstva školstva, mládeže a telesnej výchovy SSRa Ministerstva kultúry SSR 
264 1 |a Bratislava  |b Slovenské pedagogické nakladateľstvo  |c 1990 
300 |a 1 zv. 
773 0 |w eu_un_cat*0018030 
610 2 0 |a vyhlášky 
610 2 0 |a kultúra 
610 2 0 |a školstvo